|
|
|
|
| LEADER |
00570cam a2200181 7i4500 |
| 001 |
0000021589 |
| 005 |
20080820090000.0 |
| 020 |
0 |
0 |
|a 0-471-84596-5
|
| 090 |
0 |
0 |
|a B 658.827
|b TEM
|
| 100 |
2 |
0 |
|a Temporal
|
| 245 |
2 |
0 |
|a Hi-tech Hi-touch branding :
|b creating brand power in the age of technology.
|
| 260 |
0 |
0 |
|a Singapore:
|b John Wiley & Sons [ASIA],
|c 2001.
|
| 300 |
# |
# |
|a 219 p.
|
| 650 |
0 |
0 |
|a Brand name products --
|x Marketing
|
| 650 |
0 |
0 |
|a Electronic commerce
|
| 650 |
0 |
0 |
|a Branding (marketing)
|
| 700 |
2 |
1 |
|a Lee,
|h K.C.
|
| 999 |
|
|
|a 0000022566
|b Book
|c Book
|e Business Information Centre
|